000 01310nam a2200313Ia 4500
001 ebr10232895
003 CaPaEBR
006 m u
007 cr cn|||||||||
008 080926s2008 inua s 001 0 eng d
020 _z9780470261675
040 _aCaPaEBR
_cCaPaEBR
035 _a(OCoLC)614871275
050 1 4 _aQA76.3
_b.P36 2008eb
100 1 _aPanek, Will.
245 1 0 _aMCTS
_h[electronic resource] :
_bWindows Server 2008 active directory configuration study guide /
_cWill Panek, James Chellis ; technical editor, Rodney Fournier.
260 _aIndianapolis, IN :
_bWiley,
_cc2008.
300 _axliv, 576 p. :
_bill.
500 _aIncludes index.
533 _aElectronic reproduction.
_bPalo Alto, Calif. :
_cebrary,
_d2009.
_nAvailable via World Wide Web.
_nAccess may be limited to ebrary affiliated libraries.
630 0 0 _aMicrosoft Windows server
_xExaminations
_vStudy guides.
650 0 _aElectronic data processing personnel
_xCertification.
650 0 _aMicrosoft software
_xExaminations
_vStudy guides.
655 7 _aElectronic books.
_2local
700 1 _aChellis, James.
700 1 _aFournier, Rodney.
710 2 _aebrary, Inc.
856 4 0 _uhttp://site.ebrary.com/lib/rucke/Doc?id=10232895
_zAn electronic book accessible through the World Wide Web; click to view
999 _c152201
_d152201